000 01708nam a2200241Ia 4500
999 _c51757
_d51757
001 18749
003 GE_BSU
005 20220919165112.0
008 181216s2013||||ge |||||||||||||| ||geo||
040 _cGE_BSU
041 _ageo
080 _a 61 მ-15
100 _aმათიაშვილი, ქეთევან
_911598
245 _aმოტორული და ფსიქოსოციალური განვითარების შეფასება ადრეული ასაკის ბავშვებში რკინადეფიციტური ანემიის დროს : დისერტაცია /
_cქეთევან მათიაშვილი; სამეცნ. ხელმძღვ. ნინო მანჯავიძე; თბილისის სახელმწიფო სამედიცინო უნივერსიტეტი.
264 _aთბილისი,
_c2013.
300 _a119 გვ.;
_b30 სმ.
653 _aდისერტაცია
653 _aმედიცინა
653 _aმოტორული და ფსიქოსოციალური განვითარების შეფასება ადრეული ასაკის ბავშვებში რკინადეფიციტური ანემიის დროს
700 _aმანჯავიძე, მაია
_eსამეცნიერო ხელმძღვანელი
_911599
710 _aთბილისის სახელმწიფო სამედიცინო უნივერსიტეტი
_911600
942 _cBK
_2udc